Ferri, consultor clínico de medicina interna : (Registro nro. 8258)

Detalles MARC
000 -LEADER
fixed length control field 00899nam a2200277 a 4500
001 - CONTROL NUMBER
control field 006
003 - CONTROL NUMBER IDENTIFIER
control field DO-SdBNP
005 - DATE AND TIME OF LATEST TRANSACTION
control field 20170915134253.0
007 - PHYSICAL DESCRIPTION FIXED FIELD--GENERAL INFORMATION
fixed length control field 006
008 - FIXED-LENGTH DATA ELEMENTS--GENERAL INFORMATION
fixed length control field 110318s20uu sp 000 0 spa d
020 ## - INTERNATIONAL STANDARD BOOK NUMBER
International Standard Book Number 9788475552484
040 ## - CATALOGING SOURCE
Original cataloging agency BPMSU
Language of cataloging spa
Transcribing agency BPMSU
041 17 - LANGUAGE CODE
Language code of text/sound track or separate title spa.
082 #4 - DEWEY DECIMAL CLASSIFICATION NUMBER
Classification number 616.026
Item number F375c
100 ## - MAIN ENTRY--PERSONAL NAME
Relator code Fred F Ferri
245 00 - TITLE STATEMENT
Title Ferri, consultor clínico de medicina interna :
Remainder of title claves diagnósticas y tratamiento /.
Statement of responsibility, etc. Fred F. Ferri
260 ## - PUBLICATION, DISTRIBUTION, ETC. (IMPRINT)
Place of publication, distribution, etc. Brcelona :
Name of publisher, distributor, etc. Océano,
Date of publication, distribution, etc. 200?]
300 ## - PHYSICAL DESCRIPTION
Extent 1437 p. :
Other physical details il. ;
Dimensions 26 cm.
500 ## - GENERAL NOTE
General note Incluye índice
534 ## - ORIGINAL VERSION NOTE
Main entry of original título original :
Edition statement of original Ferri's clinical advisor : instant diagnosis and treatment
650 ## - SUBJECT ADDED ENTRY--TOPICAL TERM
Topical term or geographic name as entry element MEDICINA CLÍNICA
Form subdivision MANUALES, ETC.
650 ## - SUBJECT ADDED ENTRY--TOPICAL TERM
Topical term or geographic name as entry element CUIDADOS PRIMARIOS (MEDICINA)
Form subdivision MANUALES, ETC.
942 ## - ADDED ENTRY ELEMENTS (KOHA)
Source of classification or shelving scheme Dewey Decimal Classification
Koha item type Libros
945 ## - LOCAL PROCESSING INFORMATION (OCLC)
a Inventariado /2017 VM
956 ## - LOCAL ELECTRONIC LOCATION AND ACCESS (OCLC)
Host name VMATEO
Access number 10
Compression information 20150917
Logon BPMSU
Processor of request 00151
Existencias
Withdrawn status Lost status Source of classification or shelving scheme Damaged status Not for loan Collection code Home library Current library Date acquired Source of acquisition Total Checkouts Full call number Barcode Date last seen Price effective from Koha item type
    Dewey Decimal Classification     Colección de Referencia General Biblioteca Pública Metropolitana Salomé Ureña Biblioteca Pública Metropolitana Salomé Ureña 09/17/2015 Compra   616.026 F375c BPMET15090094 09/17/2015 09/17/2015 Libros